[Event "Calvia ol (Women)"]
[Site "Mallorca (Spain)"]
[Date "2004.10.22"]
[Round "7.7"]
[White "Kachiani-G, Ketino"]
[Black "Cmilyte, Viktorija"]
[Result "0-1"]
[WhiteElo "2441"]
[BlackElo "2442"]
[PlyCount "78"]
[EventDate "2004.10.15"]

1. d4 f5 2. Nf3 Nf6 3. g3 g6 4. b4 Bg7 5. Bb2 d5 6. Nbd2 c6 7. c4 dxc4 8. Nxc4
Be6 9. Rc1 b5 10. Na5 Bxa2 11. Nxc6 Nxc6 12. Rxc6 Bd5 13. Rc5 a6 14. Bg2 Ne4
15. Rc1 Qd6 16. Rc5 Rd8 17. O-O O-O 18. Qa1 Bf6 19. Rc2 Qxb4 20. Ne5 Qd6 21.
Qa5 Rc8 22. Rfc1 Rxc2 23. Rxc2 Ng5 24. Qc7 Bxg2 25. Kxg2 Rd8 26. Qxd6 Rxd6 27.
Rc8+ Kg7 28. Ra8 Ne6 29. e3 Bxe5 30. dxe5 Rb6 31. Kf3 Kf7 32. h4 b4 33. e4 Rc6
34. h5 Rc2 35. Rh8 Rxb2 36. Rxh7+ Kf8 37. Rh8+ Kg7 38. Re8 Kf7 39. Rb8 fxe4+
0-1

[Event "Calvia ol (Women)"]
[Site "Mallorca (Spain)"]
[Date "2004.10.22"]
[Round "7.7"]
[White "Ciuksyte, Dagne"]
[Black "Paehtz, Elisabeth"]
[Result "1-0"]
[WhiteElo "2361"]
[BlackElo "2398"]
[PlyCount "97"]
[EventDate "2004.10.15"]

1. e4 c5 2. Nf3 e6 3. d4 cxd4 4. Nxd4 a6 5. Bd3 Bc5 6. Nb3 Ba7 7. Qe2 Nc6 8.
Be3 d6 9. O-O Nge7 10. Nc3 b5 11. a3 e5 12. Nd5 Nxd5 13. exd5 Ne7 14. Bxa7 Rxa7
15. f4 Qb6+ 16. Kh1 Nxd5 17. fxe5 Re7 18. Qf3 Ne3 19. Rfe1 Rxe5 20. Be4 Ng4 21.
Bc6+ Kf8 22. h3 h5 23. Bd5 Rf5 24. Qc3 Bd7 25. Bf3 Rh6 26. Nd4 Rf4 27. Ne2 Rc4
28. Qd2 Qc5 29. Nc3 Rd4 30. Qe2 Be6 31. Rad1 Rxd1 32. Nxd1 Ne5 33. Be4 Ke7 34.
Ne3 Rh8 35. Rd1 g6 36. Qf2 f5 37. Bd5 h4 38. Qf4 Rh5 39. Bxe6 Kxe6 40. Nd5 g5
41. Qd2 f4 42. Nc3 Qc6 43. Ne4 d5 44. Nc3 Rh7 45. Ne2 Qc4 46. Nd4+ Kf6 47. Qa5
b4 48. Qb6+ Kg7 49. Nf5+ 1-0

[Event "Calvia ol (Women)"]
[Site "Mallorca (Spain)"]
[Date "2004.10.22"]
[Round "7.7"]
[White "Mietzner, Tina"]
[Black "Batyte, Daiva"]
[Result "0-1"]
[WhiteElo "2235"]
[BlackElo "2130"]
[PlyCount "89"]
[EventDate "2004.10.15"]

1. e4 e5 2. Nf3 Nf6 3. Nc3 Bb4 4. Nxe5 Qe7 5. Nd3 Bxc3 6. dxc3 Qxe4+ 7. Be2 d6
8. O-O O-O 9. Bf3 Qh4 10. g3 Qh3 11. Bg2 Qf5 12. c4 Nc6 13. b3 Ne5 14. Bb2 Ng6
15. Qf3 Qxf3 16. Bxf3 c6 17. Rad1 Bf5 18. Bxf6 gxf6 19. Rd2 Rad8 20. Rfd1 Rd7
21. Bg2 Rfd8 22. h3 Be6 23. f4 h5 24. Nf2 h4 25. Ne4 Kg7 26. Nxd6 Kf8 27. Kf2
hxg3+ 28. Kxg3 Ne7 29. Rd3 Rxd6 30. Be4 Rxd3+ 31. cxd3 Nf5+ 32. Bxf5 Bxf5 33.
d4 Ke7 34. b4 Rg8+ 35. Kh2 Rh8 36. Re1+ Kd7 37. Re3 Be6 38. Rc3 Rh4 39. b5 Rxf4
40. bxc6+ bxc6 41. Ra3 Rxd4 42. Rxa7+ Kd6 43. a4 Rxc4 44. a5 Rc2+ 45. Kg3 0-1